| 000 | 00479nam a2200193Ia 4500 | ||
|---|---|---|---|
| 008 | 210210b2019 xxu||||| |||| 00| 0 eng d | ||
| 020 | _a9788131307496 | ||
| 041 | _aeng | ||
| 082 | _a581.192 ARUP | ||
| 100 | _aARUNKUMAR (V) | ||
| 245 | _aPlant biochemistry | ||
| 260 |
_aNew Delhi _bA P H Publishing Corporation _c2019 |
||
| 300 | _axii,137 | ||
| 650 | _aPlant | ||
| 650 | _abiochemistry | ||
| 690 | _aPlant Physiology | ||
| 700 | _aSENTHILKUMAR (N) | ||
| 906 | _a074129 | ||
| 999 |
_c123859 _d123859 |
||